Liczby pierwsze - 20 sekund sprint - Statystyki

Ogólne statystyki
  • Ten quiz został rozwiązany 50 razy
  • Średni wynik to 12 z 36
Statystyki odpowiedzi
Numer liczby Liczba pierwsza % Poprawnych
1 2
96%
2 3
92%
3 5
88%
4 7
88%
5 11
81%
6 13
77%
7 17
69%
8 19
65%
9 23
62%
10 29
58%
11 31
46%
13 41
38%
12 37
35%
15 47
31%
14 43
27%
16 53
23%
17 59
23%
18 61
23%
19 67
23%
20 71
23%
21 73
23%
22 79
23%
23 83
19%
24 89
15%
25 97
12%
26 101
8%
27 103
8%
28 107
8%
29 109
8%
33 137
4%
35 149
4%
30 113
0%
31 127
0%
32 131
0%
34 139
0%
36 151
0%
Nie znaleziono quizów pasujących do podanych kryteriów
Rozkład punktacji
Procent ludzi z każdym wynikiem
Percentyl według liczby udzielonych odpowiedzi
Twoja historia wyników
Nie rozwiązałeś tego quizu